Revista Via Inveniendi et Iudicandi

Se publica desde el aǫ 2005, destinada a la difusin̤ de la produccin̤ acadm̌ica de docentes y estudiantes de la Facultad de Derecho

Bibliographic Details
Corporate Author: Universidad de Santo Toms̀ (ed)
Format: Unknown
Language:Spanish
Published: Bogot ̀: Universidad de Santo Toms̀,
Subjects:
Online Access:Acceso restringido

MARC

LEADER 00000ny a22000003n 4500
005 20110509130145.0
008 090129s2005 cl mr s 000 b0spa c
022 |a 1909-0528 
035 |a 2484 
040 |a UMA.RE  |d vlex 
080 |a 34(051)(0.034) 
090 |c 1449  |d 1449 
245 3 0 |a Revista Via Inveniendi et Iudicandi  |h [Recurso electrn̤ico] 
256 |a Servicio en ln̕ea 
260 |a Bogot ̀:  |b Universidad de Santo Toms̀, 
310 |a Mensual 
506 1 |a Contenido solo disponible en los productos indicados  |d vLex Global  |d vLex Global (Academic Edition, excluding Law Schools)  |d vLex Global (U.S. Academic Edition, Law Schools)  |d vLex Global (U.S. Academic Edition, excluding Law Schools)  |d vLex Global (Academic Edition, Law Schools) 
520 |a Se publica desde el aǫ 2005, destinada a la difusin̤ de la produccin̤ acadm̌ica de docentes y estudiantes de la Facultad de Derecho 
650 0 4 |a Derecho  |x Publicaciones perid̤icas 
710 2 |a Universidad de Santo Toms̀,  |e ed 
740 0 |a vLex Revista (Servicios en ln̕ea) 
853 |8 1  |i (year)  |j (month)  |k (day) 
856 4 0 |u http://vlex.com/source/2484  |z Acceso restringido 
942 |c REV